000 002520000a22000970004500
100 1 _aMlay, Wilfred
245 1 0 _aTraditional ways of carning for AIDS orphans are inadequate
300 _aNum 4 (2001), Página 19
773 0 _tGlobal Future
942 _cANA
999 _c53566
_d53566